000 00733nam a2200253 i 4500
001 6998
003 ES-MaACL
005 20230906145134.0
008 900720s1989 sp |||| | spa d
020 _a84-406-1100-5
080 _a355.1(460)"1975/..."
080 _a355.02(460)"1975/..."
100 1 _aMartínez Inglés, Amadeo.
_978160
245 1 0 _aEspaña indefensa /
_cAmadeo Martínez Inglés.
250 _a1ª ed.
260 _aBilbao :
_bEdiciones B,
_c1989.
300 _a227 p. ;
_c22 cm.
490 1 _aDocumentos
650 1 4 _aFuerzas armadas-
_zEspaña.
_912998
651 4 _aEspaña-
_xPolítica militar-
_y1975-
_98434
830 0 _aDocumentos
_9177791
852 _aES-MaACL
_jL-14292
999 _c6998
_d6998